| 000 | 00534nam a2200229 454500 | ||
|---|---|---|---|
| 001 | 028595 | ||
| 003 | BD-ChCU | ||
| 005 | 20251215111214.0 | ||
| 008 | 251215 Eng | ||
| 020 | _ax | ||
| 040 |
_aDLC _cDLC _dBD-ChCU |
||
| 082 | 0 | 0 | _aREF312.05 STA |
| 100 |
_aUnited nations _bx _918138 |
||
| 245 | 1 | 0 |
_aStatistical year book/ _cUnited nations |
| 250 | _ax | ||
| 260 |
_aN Y: _bUnited nations, _c19..? |
||
| 300 | _aV.P | ||
| 504 | _ax | ||
| 650 | 0 |
_aStatistical year book _bYearbooks _918139 |
|
| 700 | 1 | _ax | |
| 942 |
_2ddc _cBK _n0 |
||
| 999 |
_c110447 _d110447 |
||